[Event "SLO-chT U20 Girls"]
[Site "Otocec"]
[Date "2015.08.26"]
[Round "1"]
[White "Urbanc, Maja"]
[Black "Ruzic, Pia Marie"]
[Result "1-0"]
[WhiteElo "1645"]
[BlackElo "1311"]
[PlyCount "45"]
[EventDate "2015.08.26"]
[EventType "team-tourn"]
[EventRounds "5"]
[EventCountry "SLO"]
[SourceTitle "EXT 2019"]
[Source "ChessBase"]
[SourceDate "2018.10.10"]
[SourceVersion "1"]
[SourceVersionDate "2018.10.10"]
[SourceQuality "1"]

1. e4 Nf6 2. Nc3 d5 3. exd5 Nxd5 4. Nxd5 Qxd5 5. Nf3 Bg4 6. Be2 Nc6 7. 0-0 0-0-0 8. a3 h5 9. c4 Qd6 10. b4 Nd4 11. Bb2 Nxf3+ 12. Bxf3 Bxf3 13. Qxf3 Qxd2 14. Bc3 Qd3 15. Qxf7 Qxc3 16. Rad1 Qf6 17. Rxd8+ Kxd8 18. Rd1+ Qd6 19. Rxd6+ exd6 20. a4 Rh6 21. Qxf8+ Kd7 22. Qxg7+ Kc8 23. Qxh6 1-0

[Event "SLO-ch U20 Girls"]
[Site "Smarjeske Toplice"]
[Date "2014.06.29"]
[Round "8"]
[White "Urbanc, Maja"]
[Black "Mazzini, Katarina"]
[Result "1-0"]
[WhiteElo "1676"]
[BlackElo "1213"]
[PlyCount "43"]
[EventDate "2014.06.24"]
[EventType "swiss"]
[EventRounds "9"]
[EventCountry "SLO"]
[SourceTitle "EXT 2019"]
[Source "ChessBase"]
[SourceDate "2018.10.10"]
[SourceVersion "1"]
[SourceVersionDate "2018.10.10"]
[SourceQuality "1"]

1. e4 c6 2. d4 d5 3. exd5 cxd5 4. c4 Nf6 5. Nc3 Nc6 6. Nf3 Bg4 7. cxd5 Nxd5 8. Be2 e6 9. a3 Qb6 10. Be3 0-0-0 11. Na4 Qa5+ 12. b4 Qc7 13. 0-0 Qe7 14. b5 Na5 15. Rc1+ Kb8 16. Nc5 g6 17. Bd2 b6 18. Bxa5 bxa5 19. Ne5 Bxe2 20. Qxe2 Nf4 21. Qf3 Rc8 22. Na6# 1-0

[Event "SLO-ch U20 Girls"]
[Site "Smarjeske Toplice"]
[Date "2014.06.28"]
[Round "6"]
[White "Nemec, Hana"]
[Black "Urbanc, Maja"]
[Result "1-0"]
[WhiteElo "1722"]
[BlackElo "1676"]
[PlyCount "105"]
[EventDate "2014.06.24"]
[EventType "swiss"]
[EventRounds "9"]
[EventCountry "SLO"]
[SourceTitle "EXT 2019"]
[Source "ChessBase"]
[SourceDate "2018.10.10"]
[SourceVersion "1"]
[SourceVersionDate "2018.10.10"]
[SourceQuality "1"]

1. d4 Nf6 2. c4 g6 3. Nc3 d5 4. Nf3 Bg7 5. Bg5 Ne4 6. Bh4 Nxc3 7. bxc3 c5 8. cxd5 Qa5 9. Qd2 cxd4 10. cxd4 Qxd5 11. e3 Bh3 12. Qd1 Bg4 13. Be2 Nc6 14. 0-0 0-0 15. Qb3 Qxb3 16. axb3 e5 17. dxe5 Nxe5 18. Rac1 Nc6 19. h3 Bf5 20. Bb5 Na5 21. b4 Nb3 22. Rc7 a5 23. Ba4 Na1 24. Rxb7 axb4 25. Rxb4 Nc2 26. Bxc2 Bxc2 27. Rc1 Ra2 28. Rc4 Bd3 29. Rc8 Bb2 30. Rxf8+ Kxf8 31. Rc8+ Kg7 32. Rc7 Be4 33. Bg3 Bxf3 34. gxf3 Ra5 35. f4 Ra1+ 36. Kg2 Rc1 37. Rb7 Rc2 38. e4 Bd4 39. e5 Rc6 40. Bh4 Re6 41. Rb8 f6 42. Bxf6+ Rxf6 43. exf6+ Bxf6 44. Rb7+ Kh6 45. Kg3 Bd4 46. f3 Bg7 47. Kg4 Bd4 48. h4 Bf6 49. Rf7 Bd8 50. f5 g5 51. hxg5+ Bxg5 52. Rxh7+ Kxh7 53. Kxg5 1-0

[Event "SLO-ch U20 Girls"]
[Site "Smarjeske Toplice"]
[Date "2014.06.25"]
[Round "2"]
[White "Urbanc, Maja"]
[Black "Jereb, Lana"]
[Result "1-0"]
[WhiteElo "1676"]
[BlackElo "1317"]
[PlyCount "51"]
[EventDate "2014.06.24"]
[EventType "swiss"]
[EventRounds "9"]
[EventCountry "SLO"]
[SourceTitle "EXT 2019"]
[Source "ChessBase"]
[SourceDate "2018.10.10"]
[SourceVersion "1"]
[SourceVersionDate "2018.10.10"]
[SourceQuality "1"]

1. e4 e6 2. Nf3 d5 3. exd5 exd5 4. d4 Bd6 5. Be2 Nf6 6. 0-0 0-0 7. Bg5 h6 8. Bh4 Re8 9. Nc3 c6 10. h3 Bf5 11. Bd3 Bxd3 12. Qxd3 Nbd7 13. Rae1 Qb6 14. b3 Qc7 15. Ne2 Rac8 16. Ng3 g5 17. Nxg5 hxg5 18. Bxg5 Rxe1 19. Rxe1 Bxg3 20. fxg3 Ne4 21. Bf4 Qd8 22. Qf3 Qf6 23. Qg4+ Kf8 24. Qxd7 Qxd4+ 25. Kh2 Re8 26. Bh6+ 1-0

[Event "SLO-chT (Women)"]
[Site "Ljubljana"]
[Date "2013.04.27"]
[Round "7.3"]
[White "Kejzar, Petra"]
[Black "Urbanc, Maja"]
[Result "0-1"]
[WhiteElo "1777"]
[BlackElo "1674"]
[PlyCount "74"]
[EventDate "2013.04.18"]
[EventType "team-tourn"]
[EventRounds "7"]
[EventCountry "SLO"]
[SourceTitle "EXT 2015"]
[Source "ChessBase"]
[SourceDate "2014.11.20"]
[SourceVersion "1"]
[SourceVersionDate "2014.11.20"]
[SourceQuality "1"]
[WhiteTeam "Tomo Zupan Vzajemna (W)"]
[BlackTeam "Triglav Krsko (W)"]
[WhiteTeamCountry "SLO"]
[BlackTeamCountry "SLO"]

1. e4 e5 2. Nf3 Nc6 3. Bb5 Nf6 4. d3 Bc5 5. 0-0 d6 6. c3 Bg4 7. Nbd2 0-0 8. h3 Bh5 9. Re1 a6 10. Ba4 b5 11. Bc2 Qb8 12. b4 Bb6 13. a4 d5 14. a5 Ba7 15. g4 Qc8 16. Nh2 Bg6 17. h4 h5 18. g5 Ng4 19. Nxg4 hxg4 20. Nf1 d4 21. Bd2 dxc3 22. Bxc3 Nd4 23. Bxd4 Bxd4 24. Rc1 Bc3 25. Re3 Bxb4 26. Ng3 f5 27. exf5 Bxf5 28. Bb3+ Kh8 29. Rxe5 Bh7 30. Be6 Qd8 31. d4 Rf4 32. d5 Bxa5 33. h5 Bb6 34. h6 gxh6 35. Qb3 Rxf2 36. Kh1 Bd4 37. Ree1 Qxg5 0-1

[Event "SLO-chT (Women)"]
[Site "Ljubljana"]
[Date "2013.04.26"]
[Round "6.2"]
[White "Hocevar, Maja"]
[Black "Urbanc, Maja"]
[Result "1-0"]
[WhiteElo "1982"]
[BlackElo "1674"]
[PlyCount "59"]
[EventDate "2013.04.18"]
[EventType "team-tourn"]
[EventRounds "7"]
[EventCountry "SLO"]
[SourceTitle "EXT 2015"]
[Source "ChessBase"]
[SourceDate "2014.11.20"]
[SourceVersion "1"]
[SourceVersionDate "2014.11.20"]
[SourceQuality "1"]
[WhiteTeam "Radenska Pomgrad (W)"]
[BlackTeam "Triglav Krsko (W)"]
[WhiteTeamCountry "SLO"]
[BlackTeamCountry "SLO"]

1. e4 e5 2. Nf3 Nc6 3. d4 exd4 4. Nxd4 Bc5 5. Nb3 Bb6 6. Nc3 d6 7. h4 f5 8. Qh5+ g6 9. Qe2 fxe4 10. Nxe4 Qe7 11. Bg5 Qe6 12. h5 Nce7 13. g3 Bd7 14. hxg6 Qxg6 15. Bf4 0-0-0 16. 0-0-0 h5 17. Ng5 Re8 18. Qd2 Nf6 19. Bd3 Bf5 20. Bb5 Nc6 21. f3 Re7 22. Qc3 Ne5 23. Rxd6 Ned7 24. Bxd7+ Rxd7 25. Rxf6 Bd4 26. Nxd4 Qxf6 27. Nxf5 Qxf5 28. Qxh8+ Rd8 29. Qe5 Qd7 30. Qe6 1-0

[Event "SLO-chT (Women)"]
[Site "Ljubljana"]
[Date "2013.04.19"]
[Round "2.3"]
[White "Urbanc, Maja"]
[Black "Kolaric, Spela"]
[Result "0-1"]
[WhiteElo "1674"]
[BlackElo "2049"]
[PlyCount "58"]
[EventDate "2013.04.18"]
[EventType "team-tourn"]
[EventRounds "7"]
[EventCountry "SLO"]
[SourceTitle "EXT 2015"]
[Source "ChessBase"]
[SourceDate "2014.11.20"]
[SourceVersion "1"]
[SourceVersionDate "2014.11.20"]
[SourceQuality "1"]
[WhiteTeam "Triglav Krsko (W)"]
[BlackTeam "Kocevje (W)"]
[WhiteTeamCountry "SLO"]
[BlackTeamCountry "SLO"]

1. e4 c5 2. Nf3 e6 3. d4 cxd4 4. Nxd4 a6 5. Be2 b5 6. 0-0 Bb7 7. e5 Bc5 8. Nb3 Bb6 9. a4 b4 10. N1d2 Ne7 11. Nc4 0-0 12. Bg5 Bc7 13. Nd6 Bd5 14. f4 Nbc6 15. Nc5 Bb6 16. Ndb7 Qc7 17. Kh1 Nf5 18. Bf3 Nce7 19. Bxe7 Nxe7 20. Bxd5 Nxd5 21. c4 bxc3 22. b4 a5 23. Nd6 Bxc5 24. bxc5 Qxc5 25. Qf3 f5 26. Qh3 Rab8 27. Nb5 Rbc8 28. Rf3 c2 29. Rc1 Qb4 0-1

[Event "SLO-ch U18 Girls"]
[Site "Murska Sobota"]
[Date "2013.02.24"]
[Round "2"]
[White "Bernik, Alja"]
[Black "Urbanc, Maja"]
[Result "1/2-1/2"]
[WhiteElo "1701"]
[BlackElo "1680"]
[PlyCount "55"]
[EventDate "2013.02.23"]
[EventType "tourn"]
[EventRounds "5"]
[EventCountry "SLO"]
[SourceTitle "EXT 2022"]
[Source "ChessBase"]
[SourceDate "2021.10.06"]
[SourceVersion "1"]
[SourceVersionDate "2021.10.06"]
[SourceQuality "1"]

1. e4 c5 2. Nc3 Nc6 3. Bb5 Nd4 4. Bc4 e6 5. Nge2 a6 6. a4 Nf6 7. Nf4 Be7 8. e5 Ng8 9. Nh5 g6 10. Ng3 d6 11. exd6 Qxd6 12. Nge4 Qc6 13. 0-0 Nf6 14. Nxf6+ Bxf6 15. d3 Bg7 16. a5 0-0 17. Na4 Qc7 18. Bd2 Bd7 19. Nb6 Rad8 20. Nxd7 Rxd7 21. Bc3 e5 22. Bxd4 Rxd4 23. Qe2 Rh4 24. g3 Rh5 25. c3 Qd7 26. f3 Rd8 27. Qe3 Qc7 28. Qe4 1/2-1/2

[Event "Wch U16 Girls"]
[Site "Maribor"]
[Date "2012.11.15"]
[Round "8.42"]
[White "Hansen, Erle Andrea Marki"]
[Black "Urbanc, Maja"]
[Result "0-1"]
[WhiteElo "1846"]
[BlackElo "1663"]
[PlyCount "98"]
[EventDate "2012.11.08"]
[EventType "swiss"]
[EventRounds "11"]
[EventCountry "SLO"]
[SourceTitle "EXT 2013"]
[Source "ChessBase"]
[SourceDate "2012.11.22"]
[SourceVersion "1"]
[SourceVersionDate "2012.11.22"]
[SourceQuality "1"]

1. d4 Nf6 2. Nf3 e6 3. c4 d5 4. g3 c5 5. cxd5 Nxd5 6. Bg2 cxd4 7. 0-0 Be7 8. Nxd4 0-0 9. e4 Nb4 10. a3 N4c6 11. Be3 Nxd4 12. Bxd4 Nc6 13. Bc3 e5 14. Nd2 Be6 15. Kh1 Qd3 16. f4 exf4 17. gxf4 Bh3 18. Bxh3 Qxh3 19. Rg1 g6 20. Rg3 Qd7 21. Qh5 Nd4 22. Qe5 Rad8 23. Rd3 f6 24. Qxd4 Qb5 25. Qd5+ Rxd5 26. Rxd5 Qc6 27. Nf3 Rd8 28. Rad1 Rxd5 29. Rxd5 Qe6 30. Nd2 Qg4 31. f5 b6 32. fxg6 hxg6 33. Bb4 Bxb4 34. axb4 Qd1+ 35. Kg2 Qc2 36. b3 f5 37. Rd8+ Kg7 38. exf5 Qxf5 39. Nf3 Qg4+ 40. Kf2 Qxb4 41. Rd7+ Kf6 42. Rxa7 Qxb3 43. h4 Qc2+ 44. Kg3 b5 45. Ng5 Qd3+ 46. Kg2 Qd5+ 47. Kf1 Qc4+ 48. Kg1 Qxh4 49. Rf7+ Kxg5 0-1

[Event "Wch U16 Girls"]
[Site "Maribor"]
[Date "2012.11.11"]
[Round "4.30"]
[White "Urbanc, Maja"]
[Black "Paredes Bustamante, Paula Elizabeth"]
[Result "0-1"]
[WhiteElo "1663"]
[BlackElo "1946"]
[PlyCount "76"]
[EventDate "2012.11.08"]
[EventType "swiss"]
[EventRounds "11"]
[EventCountry "SLO"]
[SourceTitle "EXT 2013"]
[Source "ChessBase"]
[SourceDate "2012.11.22"]
[SourceVersion "1"]
[SourceVersionDate "2012.11.22"]
[SourceQuality "1"]

1. e4 c5 2. Nf3 e6 3. d4 cxd4 4. Nxd4 Nc6 5. Be2 Nf6 6. Bf3 Be7 7. 0-0 0-0 8. Nc3 Ne5 9. Be2 d6 10. f4 Ned7 11. Kh1 Nc5 12. Bf3 Qb6 13. Nb3 Rd8 14. Qe1 Nxb3 15. axb3 Qc7 16. Qf2 d5 17. Be3 dxe4 18. Nxe4 Nd5 19. Bxa7 b6 20. c4 Rxa7 21. Rxa7 Qxa7 22. cxd5 exd5 23. Nc3 Bc5 24. Qh4 Be7 25. Qf2 Bb7 26. Na4 d4 27. Bxb7 Qxb7 28. Qc2 Rc8 29. Qe2 b5 30. Nb6 Rc7 31. Qxb5 Rc6 32. Re1 Rxb6 33. Qe8+ Bf8 34. Qd8 Rd6 35. Qe8 d3 36. Qa4 d2 37. Rd1 Qe7 38. Qb4 Qe2 0-1

[Event "SLO-ch U20 Girls"]
[Site "Kamnik"]
[Date "2012.06.27"]
[Round "7"]
[White "Vidic, Teja"]
[Black "Urbanc, Maja"]
[Result "1-0"]
[WhiteElo "1915"]
[BlackElo "1652"]
[PlyCount "48"]
[EventDate "2012.06.23"]
[EventType "swiss"]
[EventRounds "7"]
[EventCountry "SLO"]
[SourceTitle "EXT 2019"]
[Source "ChessBase"]
[SourceDate "2018.10.10"]
[SourceVersion "1"]
[SourceVersionDate "2018.10.10"]
[SourceQuality "1"]

1. e4 e5 2. Nf3 Nc6 3. d4 exd4 4. Nxd4 Bc5 5. Be3 Qf6 6. c3 Nge7 7. Bc4 Ne5 8. Be2 Qg6 9. 0-0 d5 10. Kh1 0-0 11. f4 Nc4 12. Bxc4 dxc4 13. Nd2 b5 14. a4 f5 15. Nxf5 Nxf5 16. Bxc5 Nd6 17. e5 Bb7 18. Nf3 Nf5 19. Bxf8 Ne3 20. Qe2 Nxf1 21. Bc5 Nxh2 22. Nxh2 Qc6 23. Qf3 Qa6 24. Qg3 Rd8 1-0

[Event "SLO-ch U20 Girls"]
[Site "Kamnik"]
[Date "2012.06.26"]
[Round "6"]
[White "Urbanc, Maja"]
[Black "Markocic, Spela"]
[Result "1-0"]
[WhiteElo "1652"]
[BlackElo "1435"]
[PlyCount "41"]
[EventDate "2012.06.23"]
[EventType "swiss"]
[EventRounds "7"]
[EventCountry "SLO"]
[SourceTitle "EXT 2019"]
[Source "ChessBase"]
[SourceDate "2018.10.10"]
[SourceVersion "1"]
[SourceVersionDate "2018.10.10"]
[SourceQuality "1"]

1. d4 Nf6 2. c4 g6 3. Nc3 Bg7 4. e4 d6 5. Nf3 0-0 6. Be2 c5 7. dxc5 dxc5 8. 0-0 Nc6 9. Bf4 a6 10. Qb3 Nh5 11. Be3 Nd4 12. Qa3 Nc2 13. Qxc5 Nxa1 14. Rd1 b6 15. Qc6 Qxd1+ 16. Bxd1 Be6 17. e5 Rac8 18. Qe4 Bf5 19. Qb7 Nc2 20. Bxc2 Bxc2 21. g4 1-0

[Event "SLO-ch U16 Girls"]
[Site "Debeli Rtic"]
[Date "2012.02.24"]
[Round "9"]
[White "Skuhala, Barbara"]
[Black "Urbanc, Maja"]
[Result "1-0"]
[WhiteElo "1747"]
[BlackElo "1653"]
[PlyCount "43"]
[EventDate "2012.02.18"]
[EventType "swiss"]
[EventRounds "9"]
[EventCountry "SLO"]
[SourceTitle "EXT 2022"]
[Source "ChessBase"]
[SourceDate "2021.10.06"]
[SourceVersion "1"]
[SourceVersionDate "2021.10.06"]
[SourceQuality "1"]

1. e4 e5 2. Nf3 Nc6 3. Bc4 Nf6 4. d3 Bc5 5. 0-0 d6 6. c3 Bg4 7. Re1 h6 8. h3 Bxf3 9. Qxf3 0-0 10. b4 Bb6 11. Nd2 Ne7 12. Nf1 Re8 13. Bxh6 d5 14. Bb3 c6 15. Ng3 Ng6 16. Bg5 Qd6 17. Nf5 Qd7 18. Nxg7 Kxg7 19. Bxf6+ Kf8 20. exd5 cxd5 21. Qh5 d4 22. Qh6+ 1-0

[Event "SLO-ch U16 Girls"]
[Site "Debeli Rtic"]
[Date "2012.02.20"]
[Round "4"]
[White "Skvorc, Laura"]
[Black "Urbanc, Maja"]
[Result "0-1"]
[WhiteElo "1557"]
[BlackElo "1653"]
[PlyCount "106"]
[EventDate "2012.02.18"]
[EventType "swiss"]
[EventRounds "9"]
[EventCountry "SLO"]
[SourceTitle "EXT 2022"]
[Source "ChessBase"]
[SourceDate "2021.10.06"]
[SourceVersion "1"]
[SourceVersionDate "2021.10.06"]
[SourceQuality "1"]

1. d4 Nf6 2. Nf3 g6 3. e3 Bg7 4. Bd3 d5 5. Nbd2 Bg4 6. 0-0 0-0 7. h3 Bxf3 8. Qxf3 Re8 9. e4 dxe4 10. Nxe4 c6 11. c3 Nbd7 12. Bg5 Nxe4 13. Bxe4 h6 14. Bh4 Qb6 15. b3 e5 16. d5 f5 17. Bc2 e4 18. Qd1 Bxc3 19. dxc6 Qxc6 20. Rc1 Bb2 21. Rb1 Bg7 22. b4 Nb6 23. a4 g5 24. Bg3 Red8 25. Bb3+ Kh7 26. Qc2 Qxc2 27. Bxc2 Rac8 28. Bb3 Nc4 29. Rfd1 Nd2 30. Rbc1 Nxb3 31. Rb1 Rxd1+ 32. Rxd1 Rc1 33. Rxc1 Nxc1 34. Bb8 a6 35. Kf1 Nd3 36. Bd6 Bc3 37. b5 axb5 38. axb5 Bd4 39. f3 exf3 40. gxf3 Kg6 41. Ke2 Be5 42. Kxd3 Bxd6 43. Ke3 h5 44. Kf2 g4 45. hxg4 hxg4 46. fxg4 fxg4 47. Kg2 g3 48. Kf3 Kf5 49. Kg2 Ke4 50. Kg1 Kf3 51. b6 Bc5+ 52. Kh1 g2+ 53. Kh2 g1Q+ 0-1

[Event "SLO-ch U16 Girls"]
[Site "Debeli Rtic"]
[Date "2012.02.18"]
[Round "1"]
[White "Leonardi, Caterina"]
[Black "Urbanc, Maja"]
[Result "1-0"]
[WhiteElo "1811"]
[BlackElo "1653"]
[PlyCount "75"]
[EventDate "2012.02.18"]
[EventType "swiss"]
[EventRounds "9"]
[EventCountry "SLO"]
[SourceTitle "EXT 2022"]
[Source "ChessBase"]
[SourceDate "2021.10.06"]
[SourceVersion "1"]
[SourceVersionDate "2021.10.06"]
[SourceQuality "1"]

1. d4 Nf6 2. c4 g6 3. Nc3 Bg7 4. e4 d6 5. h3 0-0 6. Nf3 c5 7. d5 Na6 8. Be2 Nc7 9. 0-0 a6 10. Qc2 Rb8 11. Bg5 b5 12. e5 Bf5 13. Qc1 dxe5 14. Nxe5 Bd7 15. Rd1 b4 16. Nc6 Bxc6 17. dxc6 Qe8 18. Nd5 Ne6 19. Be3 Ne4 20. Bf3 Nd6 21. Re1 Nf5 22. Rb1 Kh8 23. Bf4 Rc8 24. Nb6 Nxf4 25. Qxf4 Rxc6 26. Bxc6 Qxc6 27. Nd5 Qa4 28. Nxe7 Nxe7 29. Rxe7 Qxa2 30. Rbe1 Qxb2 31. Re8 Kg8 32. R1e7 Bf6 33. Re2 Qa1+ 34. Re1 Qc3 35. Qd6 Be7 36. R1xe7 Rxe8 37. Rxe8+ Kg7 38. Qf8+ 1-0

[Event "SLO-ch U20 qual"]
[Site "Otocec"]
[Date "2010.07.10"]
[Round "8"]
[White "Urbanc, Maja"]
[Black "Cmor, Nino"]
[Result "0-1"]
[WhiteElo "1613"]
[BlackElo "1832"]
[PlyCount "58"]
[EventDate "2010.07.06"]
[EventType "swiss"]
[EventRounds "9"]
[EventCountry "SLO"]
[SourceTitle "EXT 2012"]
[Source "ChessBase"]
[SourceDate "2011.11.24"]
[SourceVersion "1"]
[SourceVersionDate "2011.11.24"]
[SourceQuality "1"]

1. d4 Nf6 2. c4 g6 3. Nc3 Bg7 4. Bg5 d6 5. Nf3 h6 6. Bh4 g5 7. Bg3 Nh5 8. e3 e6 9. Bd3 Nc6 10. Nd2 Nxg3 11. hxg3 Qe7 12. f4 Bd7 13. Qe2 0-0-0 14. 0-0-0 e5 15. d5 Nb4 16. a3 Na6 17. Rhf1 f5 18. e4 exf4 19. gxf4 Bxc3 20. bxc3 gxf4 21. exf5 Qg7 22. Kb2 Rde8 23. Ne4 Qe5 24. Qf2 Bxf5 25. Qxf4 Bxe4 26. Qg4+ Kb8 27. Rfe1 Nc5 28. Bxe4 Na4+ 29. Kc1 Qxc3+ 0-1

[Event "SLO-ch U20 qual"]
[Site "Otocec"]
[Date "2010.07.10"]
[Round "7"]
[White "Urbanc, Maja"]
[Black "Kralj, Manca"]
[Result "1-0"]
[WhiteElo "1613"]
[BlackElo "1791"]
[PlyCount "81"]
[EventDate "2010.07.06"]
[EventType "swiss"]
[EventRounds "9"]
[EventCountry "SLO"]
[SourceTitle "EXT 2012"]
[Source "ChessBase"]
[SourceDate "2011.11.24"]
[SourceVersion "1"]
[SourceVersionDate "2011.11.24"]
[SourceQuality "1"]

1. d4 d5 2. c4 e6 3. Nc3 Nf6 4. Bg5 Be7 5. Nf3 Nbd7 6. e3 h6 7. Bh4 b6 8. cxd5 Nxd5 9. Bxe7 Nxe7 10. Rc1 a6 11. Be2 Bb7 12. b4 Nd5 13. a3 0-0 14. 0-0 Re8 15. Qb3 N7f6 16. Rfd1 Qd6 17. Rd2 Nxc3 18. Qxc3 Ne4 19. Qxc7 Qxc7 20. Rxc7 Nxd2 21. Rxb7 Nxf3+ 22. Bxf3 Rab8 23. Ra7 a5 24. bxa5 bxa5 25. g3 Rb3 26. Rxa5 Re7 27. Ra8+ Kh7 28. a4 Ra3 29. a5 Rc7 30. a6 Rc1+ 31. Kg2 Rca1 32. Be4+ g6 33. Bb7 Rd1 34. Rc8 Rd2 35. Rc7 Kg7 36. Bc8 Rxe3 37. a7 Ra3 38. Bxe6 Rxd4 39. Rxf7+ Kh8 40. Rf8+ Kg7 41. a8Q 1-0

[Event "SLO-ch U20 qual"]
[Site "Otocec"]
[Date "2010.07.09"]
[Round "6"]
[White "Zaloznik S, Domen"]
[Black "Urbanc, Maja"]
[Result "0-1"]
[WhiteElo "1557"]
[BlackElo "1613"]
[PlyCount "60"]
[EventDate "2010.07.06"]
[EventType "swiss"]
[EventRounds "9"]
[EventCountry "SLO"]
[SourceTitle "EXT 2012"]
[Source "ChessBase"]
[SourceDate "2011.11.24"]
[SourceVersion "1"]
[SourceVersionDate "2011.11.24"]
[SourceQuality "1"]

1. e4 e5 2. d4 exd4 3. Nf3 d6 4. Nxd4 Nf6 5. Nc3 g6 6. Bg5 h6 7. Bh4 g5 8. Bg3 Bg7 9. Qf3 Bg4 10. Qe3 Qe7 11. f3 Bd7 12. h4 g4 13. h5 Nc6 14. Bb5 Nxd4 15. Bxd7+ Nxd7 16. 0-0-0 Nc6 17. Nd5 Qd8 18. Bh4 f6 19. e5 dxe5 20. f4 0-0 21. fxe5 Ncxe5 22. Rhf1 c6 23. Nxf6+ Bxf6 24. Bxf6 Rxf6 25. Qb3+ Kh8 26. Rfe1 Qb6 27. Qc3 Raf8 28. Rxe5 Nxe5 29. Qxe5 Qf2 30. b3 Qf4+ 0-1

[Event "SLO-ch qual"]
[Site "Otocec"]
[Date "2009.07.10"]
[Round "7"]
[White "Urbanc, Maja"]
[Black "Dobrovoljc, Vid"]
[Result "1-0"]
[WhiteElo "1565"]
[BlackElo "1502"]
[PlyCount "103"]
[EventDate "2009.07.07"]
[EventType "swiss"]
[EventRounds "9"]
[EventCountry "SLO"]
[SourceTitle "EXT 2010"]
[Source "ChessBase"]
[SourceDate "2010.11.25"]
[SourceVersion "1"]
[SourceVersionDate "2010.11.25"]
[SourceQuality "1"]

1. e4 d5 2. exd5 Qxd5 3. Nc3 Qa5 4. Nf3 c6 5. Be2 Bf5 6. 0-0 Nf6 7. d3 Nbd7 8. Bd2 Qc7 9. Re1 e6 10. Nh4 g6 11. Nxf5 gxf5 12. a3 h5 13. d4 Bd6 14. h3 Qb6 15. Be3 Qxb2 16. Na4 Qxa3 17. Rxa3 Bxa3 18. c4 Ke7 19. c5 Bb4 20. Bd2 Bxd2 21. Qxd2 h4 22. Bd3 Kd8 23. Qb4 Kc7 24. Rb1 Rhb8 25. d5 Nxd5 26. Qxh4 Rg8 27. Qc4 Ne5 28. Qb3 Rab8 29. Bf1 Nf4 30. Qe3 Nfg6 31. Rd1 f6 32. f4 Nd7 33. Qxe6 Rbd8 34. Rxd7+ Rxd7 35. Qxg8 Nxf4 36. Qg3 Rd4 37. Nc3 Kd7 38. Ne2 Nxe2+ 39. Bxe2 a5 40. Qa3 a4 41. Qb2 Rd5 42. Qxb7+ Kd8 43. Qxc6 Rd2 44. Qxf6+ Kc8 45. Qxf5+ Kb7 46. Bf3+ Ka6 47. Qe6+ Kb5 48. Bc6+ Kxc5 49. Bxa4 Rd6 50. Qc8+ Kd5 51. Bb3+ Kd4 52. Qc7 1-0

[Event "SLO-ch U14 Girls"]
[Site "Rogaska Slatina"]
[Date "2009.02.27"]
[Round "9"]
[White "Kuk, Nika"]
[Black "Urbanc, Maja"]
[Result "1/2-1/2"]
[WhiteElo "1628"]
[BlackElo "1579"]
[PlyCount "30"]
[EventDate "2009.02.22"]
[EventType "swiss"]
[EventRounds "9"]
[EventCountry "SLO"]
[SourceTitle "CBM 129 Extra"]
[Source "ChessBase"]
[SourceDate "2009.05.05"]
[SourceVersion "2"]
[SourceVersionDate "2009.05.20"]
[SourceQuality "1"]

1. d4 Nf6 2. Nc3 g6 3. e4 d6 4. Bd3 Bg7 5. Nge2 0-0 6. f3 c5 7. d5 e6 8. dxe6 Bxe6 9. Nf4 Re8 10. 0-0 Nc6 11. Re1 Qb6 12. Kh1 Rad8 13. Rb1 Nd7 14. Nfd5 Bxd5 15. Nxd5 Qa5 1/2-1/2

[Event "SLO-ch U14 Girls"]
[Site "Rogaska Slatina"]
[Date "2009.02.26"]
[Round "7"]
[White "Robba, Barbara"]
[Black "Urbanc, Maja"]
[Result "1/2-1/2"]
[WhiteElo "1526"]
[BlackElo "1579"]
[PlyCount "55"]
[EventDate "2009.02.22"]
[EventType "swiss"]
[EventRounds "9"]
[EventCountry "SLO"]
[SourceTitle "CBM 129 Extra"]
[Source "ChessBase"]
[SourceDate "2009.05.05"]
[SourceVersion "2"]
[SourceVersionDate "2009.05.20"]
[SourceQuality "1"]

1. e4 e5 2. Nf3 Nc6 3. d4 exd4 4. Nxd4 Bc5 5. Be3 Bb6 6. Bc4 Nge7 7. Nc3 Bxd4 8. Bxd4 Nxd4 9. Qxd4 0-0 10. 0-0-0 Nc6 11. Qe3 a6 12. e5 b5 13. Bd5 Bb7 14. e6 d6 15. exf7+ Kh8 16. Qe4 Qd7 17. g4 b4 18. Ne2 Rab8 19. Nf4 Rxf7 20. Bxf7 Qxf7 21. Rhe1 Ne5 22. Qxb4 Nxg4 23. Rg1 Nxh2 24. Qc3 Qxf4+ 25. Kb1 Qf7 26. Rg3 Nf3 27. Rd3 Ne5 28. Rd2 1/2-1/2

[Event "SLO-ch U14 Girls"]
[Site "Rogaska Slatina"]
[Date "2009.02.26"]
[Round "8"]
[White "Urbanc, Maja"]
[Black "Carli, Lara"]
[Result "1/2-1/2"]
[WhiteElo "1579"]
[BlackElo "1521"]
[PlyCount "46"]
[EventDate "2009.02.22"]
[EventType "swiss"]
[EventRounds "9"]
[EventCountry "SLO"]
[SourceTitle "CBM 129 Extra"]
[Source "ChessBase"]
[SourceDate "2009.05.05"]
[SourceVersion "2"]
[SourceVersionDate "2009.05.20"]
[SourceQuality "1"]

1. d4 Nf6 2. c4 g6 3. Nc3 Bg7 4. Bg5 0-0 5. Nf3 b6 6. e3 Bb7 7. Be2 d5 8. 0-0 h6 9. Bxf6 Bxf6 10. Rc1 e6 11. cxd5 Bxd5 12. Nxd5 exd5 13. Bb5 Qd6 14. Qc2 a6 15. Bc6 Ra7 16. a4 Nxc6 17. Qxc6 Rd8 18. Rc2 Qe6 19. Qxe6 fxe6 20. Rc6 Kf7 21. Rfc1 Rd7 22. g3 g5 23. h3 Bg7 1/2-1/2